Statistics for The Biffy Clyro Quiz

Click here to take the quiz!

General Stats

  • This quiz has been taken 202 times
  • The average score is 7 of 15

Answer Stats

LyricsAnswer% Correct
When we collide we come togetherMany of Horror
96%
Elenor! Elenor! I would do anything for another minute with youFolding Stars
86%
Different person. Different argument.Different People
82%
I pronounce it aluminium, cus' there's an I next to the U and MBorn on a horse
69%
You say love, i say killin' time.Stingin' Belle
67%
Does that make me cynical? There are no miracles and this is no miraculous life.God and Satan
66%
I held her tight, close to my heart. I did'nt know it would break57
58%
I dont believe in anything. That's the message in your eyes.Justboy
39%
I just wish we all could betrayA diary of always
32%
THIS IS THE ONE, THIS IS THE ONE, THIS IS THE ONE, THIS IS THE ONE.Now I'm Everyone
24%
I'm drifting in a vacuum of ideas (colours) (movement) KAPOW! KAPOW! KAPOW!A day of
21%
Fix my new memory with a cold liquid stare, chew up the words and with floods bewareWith aplomb
20%
YOU CHANGED THE WORLD YOU CHANGED THE WORLDNow the action is on fire
19%
It's spreading from my lungs!Some kind of wizard
18%
I see the signs, I feel my brain crashingWatch
10%

Score Distribution

Percentile by Number Answered

Percent of People with Each Score

Your Score History

You have not taken this quiz